000 00797cam a22002291 4500
999 _c3801
_d3801
003 OSt
005 20220211083135.0
008 220211b ||||| |||| 00| 0 eng d
020 _a0226478785
040 _cALUPE UNIVERSITY
050 0 _aQH431
_b.L419
050 9 9 _aQH431
_b.L419 1955
100 1 _aLi, Ching Chun,
_d1912-
_0http://id.loc.gov/authorities/names/n82040140
245 1 0 _aPopulation genetics.
260 _a[Chicago]
_bUniversity of Chicago Press
_c[1955]
300 _a366 p.
_billus.
_c25 cm.
500 _aPublished 1976 under title: First course in population genetics.
504 _aIncludes bibliography.
650 0 _aPopulation genetics.
_0http://id.loc.gov/authorities/subjects/sh85104920
830 0 _0http://id.loc.gov/authorities/names/n90725901
942 _2lcc
_cBK
_nMM